000 01324nam a22002297a 4500
003 NALT
005 20221122151406.0
008 221121b th ||||| |||| 00| 0 tha d
040 _aNALT
086 _aนร 05 3.5 352.4 2523
110 2 _9619
_aสำนักนายกรัฐมนตรี.
_bสำนักงบประมาณ
245 1 0 _aงบประมาณรายจ่าย งบประมาณประจำปี 2523 เอกสารงบประมาณ ฉบับที่ 3 เล่มที่ 6 กระทรวงสาธารณสุข กระทรวงอุตสาหกรรม /
_cสำนักงบประมาณ.
260 _aกรุงเทพฯ :
_bสำนักงบประมาณ สำนักนายกรัฐมนตรี,
_c2522.
300 _a372 หน้า :
_bตาราง ;
_c26 ซม.
610 2 4 _959476
_aกระทรวงสาธารณสุข
_xงบประมาณ
_y2523
610 2 4 _959477
_aกระทรวงอุตสาหกรรม
_xงบประมาณ
_y2523
650 4 _921761
_aงบประมาณ
_zไทย
_y2523
850 _aNALT
942 _cGOV
_2local
998 _abijaya
_cDAO
_j1020
_k จำเรียง ระวังสำโรง
999 _c101064
_d101064